Miasta na granicy - nagła śmierć - Statystyki

Ogólne statystyki
  • Ten quiz został rozwiązany 47 razy
  • Średni wynik to 7 z 24
Answers on the Grid
Answers color-coded by a green-red scale on the quiz's grid according to % correct below.
Ałmaty
Antwerpia
Asuncion
Barcelona
Bazylea
Belfast
Berlin
Bratysława
Brześć n. Bugiem
Bukareszt
Cieszyn
Detroit
Drezno
Dubaj
El Paso
Genewa
Islamabad
Jastrzębie-Zdrój
Kinszasa
Królewiec
Lille
Lomé
Los Angeles
Maastricht
Narwa
Rotterdam
Rzym
Saarbrücken
Salzburg
Santiago
Seul
Słubice
Strasburg
Świnoujście
Terespol
Tijuana
Trypolis
Użhorod
Wientian
Zgorzelec
 
Statystyki odpowiedzi
Odpowiedź % Poprawnych
Cieszyn
67%
Świnoujście
67%
Bratysława
57%
Terespol
48%
Brześć n. Bugiem
43%
Słubice
43%
Zgorzelec
43%
Jastrzębie-Zdrój
33%
Strasburg
29%
Użhorod
29%
Asuncion
24%
Bazylea
24%
Kinszasa
24%
Maastricht
24%
Saarbrücken
24%
Tijuana
24%
El Paso
19%
Narwa
19%
Salzburg
19%
Antwerpia
14%
Rzym
14%
Lomé
10%
Wientian
10%
Detroit
5%
Nie znaleziono quizów pasujących do podanych kryteriów
Rozkład punktacji
Procent ludzi z każdym wynikiem
Percentyl według liczby udzielonych odpowiedzi
Twoja historia wyników
Nie rozwiązałeś tego quizu